000
00421nam a2200181Ia 4500
008
090122s9999 xx 000 0 und d
082
_b
11488
100
_a
वाड
_b
विजया
245
_a
सय
260
_b
दिलीप
_c
2007
300
_a
187
501
_a
ललित वितरण
600
_a
वाड
630
_a
सय
700
_a
वाड
730
_a
सय
942
_c
BOOK
999
_c
35565
_d
35565